| 000 | 00559nam a2200193Ia 4500 | ||
|---|---|---|---|
| 005 | 20250326145151.0 | ||
| 008 | 250326s9999 xx 000 0 und d | ||
| 037 | _aTextbook | ||
| 040 |
_aFMSL _beng _cFMSL |
||
| 041 |
_aeng _2eng |
||
| 084 |
_aY15-9)T).2 Q1 _qFMSL |
||
| 100 |
_aRao D P _9741244 |
||
| 245 | 0 |
_aStatus of women in education, employment and social exclusion _cRao D P |
|
| 260 |
_aNew Delhi _bNew Delhi, Serials _c2011 |
||
| 365 | _b1495 | ||
| 650 | _aManagement | ||
| 942 |
_cTB _hY15-9)T).2 Q1 |
||
| 999 |
_c1306613 _d1306613 |
||